00733nam a2200217Ia 4500001000600000003000500006008004100011010001100052040000900063082001500072100007400087245012400161260004200285300002100327440000500348500000500353503001100358650004100369650002300410650008200433Z_929CHAP220113s1986 xx 000 0 und d a164005 cCHAP a636.082 S4 aSeminar in the CEC Animal Husbandry y Research (1985: Edinburgh, UK.) aExploiting new technologies in animal breeding: genetic developments /ced. by C. Smith, J. W. B. King and J. C. McKay aNew York :bOxford University,c1986 a202 p. : bilus. a a a146353 aAnimales domésticosxMejoramiento  aGenética animal  aGranjas I. King, J. W. B., ed. II. McKay, J. C., ed. III. t. Smith, C. IV. t.